| 000 | 00474nam a2200169Ia 4500 | ||
|---|---|---|---|
| 003 | SGT | ||
| 020 | _a9788131808412 | ||
| 082 |
_a510 _bBAL |
||
| 100 | _aBali,N.P | ||
| 245 | 2 | _aA textbook of engineering mathematics Semester-2 | |
| 250 | _a6th Ed. | ||
| 260 |
_bLaxmi Publications (P) Ltd _aNew Delhi _c2010 |
||
| 300 | _a285p. | ||
| 650 | _aMATHEMATICS ENGINEERING | ||
| 653 | _aVECTOR CALCULUS,EXACT DIFFERENTIAL EQUATIONS,LINEAR DIFFERENTIAL EQ | ||
| 942 |
_2ddc _cBK _097 |
||
| 999 |
_c4912 _d4912 |
||